Logo BPK

Biblioteka

Politechniki Koszalińskiej

LATEX 2E dla matematyków / (Rekord nr 56326)

Szczegóły MARC
000 -ETYKIETA REKORDU
podpole kontrolne o stałej długości 00642nam a2200241 i 4500
001 - NUMER KONTROLNY REKORDU
pole kontrolne bg
015 ## - NUMER BIBLIOGRAFII NARODOWEJ
Numer bibliografii narodowej PB 25255/2007
020 ## - MIĘDZYNARODOWY ZNORMALIZOWANY NUMER KSIĄŻKI - ISBN
ISBN 9788374670425
040 ## - ŹRÓDŁO KATALOGOWANIA
Instytucja, która utworzyła rekord BPK
041 ## - KOD JĘZYKA
Kod języka tekstu pol
044 ## - KOD KRAJU WYDAWCY/PRODUCENTA
Kod kraju wydawcy/producenta POL
080 ## - UNIWERSALNA KLASYFIKACJA DZIESIĘTNA - UKD
UKD 004.42:004.915](075.8)
920 ## - Międzynarodowy znormalizowany numer książki – ISBN
ISBN 978-83-7467-042-5
008 - POLE O STAŁEJ DŁUGOŚCI - DANE KONTROLNE
podpole kontrolne o stałej długości 090511s2007 pl f f |001 0 pol
100 1# - NAZWA OSOBOWA
Nazwa osobowa Icha, Andrzej.
245 10 - TYTUŁ/ODPOWIEDZIALNOŚĆ
Tytuł LATEX 2E dla matematyków /
Pozostałe elementy strefy tytułu i oznaczenia odpowiedzialności Andrzej Icha.
260 ## - STREFA ADRESU WYDAWNICZEGO
Miejsce wydania Słupsk :
Nazwa wydawcy/dystrybutora Wydawnictwo Naukowe Akademii Pomorskiej,
Data publikacji, dystrybucji/powstania dokumentu 2007.
300 ## - STREFA OPISU FIZYCZNEGO
Objętość 184 s. ;
Rozmiary 25 cm.
504 ## - UWAGA DOTYCZĄCA BIBLIOGRAFII
Informacje o bibliografii Bibliogr. s. 175-180. Indeks.
650 #9 - HASŁO PRZEDMIOTOWE W FORMIE NAZWY OGÓLNEJ LUB JEDNOSTKOWEJ
Nazwa ogólna lub geograficzna LATEX
655 ## - TERMIN INDEKSOWY - OKREŚLENIE RODZAJU/FORMY DOKUMENTU
Określenie rodzaju/formy dokumentu Podręczniki akademickie
856 ## - LOKALIZACJA I DOSTĘP DO ELEKTRONICZNYCH DOKUMENTÓW ZDALNYCH
Link (URL) http://koha.tu.koszalin.pl/cgi-bin/koha/opac-detail.pl?biblionumber=56326
Tekst linku Katalog online BPK
942 ## - DODATKOWE ELEMENTY (KOHA)
Typ dokumentu Książka
Egzemplarze
Wycofany Status egzemplarza Uszkodzony Dostępność Lokalizacja stała Lokalizacja bieżąca Miejsce przechowywania Sygnatura Kod kreskowy Dział Typ dokumentu
      Tylko na miejscu Biblioteka Politechniki Koszalińskiej Biblioteka Politechniki Koszalińskiej Czytelnia BG 91020 02472218 004.42 Programy komputerowe Książka
© 2023 Biblioteka Politechniki Koszalińskiej :: KOHA